000 01143nam0a22003251 4500
001 rc\3230621
005 20250609193358.0
021 _aRU
_b[71-10325]
035 _a(NLR Aleph) 007471051
090 _a7416853
_c7416853
100 _a20130115d1970 |||y0rusy50 ca
101 0 _arus
102 _aRU
105 _aa j |||||
200 1 _aБукварь
_eУчебник рус. яз. для 1 кл. каз. школы
205 _a[2-е изд.]
210 _aАлма-Ата
_cМектеп
_d1970
215 _a144 с.
_cил.
_d22
300 _aНа пер. авт. не указаны
300 _aНа пер. загл.: Русский букварь
517 0 _aРусский букварь
606 _aРусский язык
_jБуквари для нерусских школ
_2psbo
700 1 _7ca
_8rus
_aЕсенжолова
_bР. Д.
_f1927-
_gРоза Дуйсебаевна
_9191427
_3RU\NLR\AUTH\770191478
701 1 _aХмелевский
_bИ.И.
_gИван Иванович
801 0 _aRU
_bNLR
_gpsbo
801 1 _aRU
_bELAR
_2rusmarc
852 _aNLR
_j71-5/510
942 _cBOOK
980 _aNB